| 000 | 00364nam a2200145Ia 4500 | ||
|---|---|---|---|
| 008 | 230524s9999 xx 000 0 und d | ||
| 082 |
_a620.1401 _bKHA |
||
| 100 | _aO.P. Khanna | ||
| 245 | 2 | _aA Text Book of Welding Technology | |
| 260 |
_aNEW DELHI _bDhanpat Rai _c2004 |
||
| 300 | _aXVI;952 | ||
| 500 | _aQuantity Number: 5 | ||
| 650 | _aMechanics | ||
| 942 | _cBK | ||
| 999 |
_c1457 _d1457 |
||